| 000 | 00792nam a2200217Ia 4500 | ||
|---|---|---|---|
| 005 | 20250622124038.0 | ||
| 008 | 250617s9999||||xx |||||||||||||| ||ara|| | ||
| 017 |
_a2024/17339 _bمصر. دار الكتب |
||
| 020 | _a9789777552295 | ||
| 082 | 0 | 4 |
_a"616,89142" _bم س |
| 100 | 0 | _aمى السيد عبد الشافى خفاجة | |
| 245 | 1 | 0 |
_aالسيبرانية والسيكولوجيا الرقمية / _cإعداد مى السيد عبد الشافى خفاجة |
| 250 | _aط1 | ||
| 260 | 3 |
_aالقاهرة : _b"دار السحاب للنشر والتوزيع،" _c2025. |
|
| 300 |
_a287ص ؛ _b _c24سم. |
||
| 650 | _aالسلوك (علم نفس) | ||
| 650 | _aالسيبرانية | ||
| 650 | _aالعلاج السلوكى | ||
| 942 | _cBK | ||
| 999 |
_c67696 _d67696 |
||